000 01210cam a22002174a 4500
005 20250605164151.0
008 250528s ||||||||||||||||||||||||d
035 _a19398
020 _a9602861495
040 _aGR-AtMCL
_bgre
_dGR-AtMCL
_eAACR2
245 1 _aΑΕΡΟΠΟΡΙΚΟ ΜΑΡΚΕΤΙΝΓΚ
250 _a1
260 _bΈλλην,
_c1995
300 _a272
505 0 _aΤΙ ΕΙΝΑΙ ΤΟ ΜΑΡΚΕΤΙΝΓΚ ΕΡΕΥΝΑ ΑΓΟΡΑΣ ΤΟ ΠΕΡΙΒΑΛΛΟΝ ΤΟΥ ΜΑΡΚΕΤΙΝΓΚ ΤΟΜΕΟΠΟΙΗΣΗ ΤΗΣ ΑΓΟΡΑΣ ΤΟ ΑΕΡΟΠΟΡΙΚΟ ΠΡΟΪΏΝ ΕΞΟΔΑ ΛΕΙΤΟΥΡΓΙΑΣ ΑΕΡΟΣΚΑΦΟΥΣ ΣΧΕΔΙΑΣΜΟΣ ΠΡΟΓΡΑΜΜΑΤΟΣ ΠΤΗΣΕΩΝ ΤΙΜΟΛΟΓΗΣΗ
520 _aΤΙ ΕΙΝΑΙ ΤΟ ΜΑΡΚΕΤΙΝΓΚ ΕΡΕΥΝΑ ΑΓΟΡΑΣ ΤΟ ΠΕΡΙΒΑΛΛΟΝ ΤΟΥ ΜΑΡΚΕΤΙΝΓΚ ΤΟΜΕΟΠΟΙΗΣΗ ΤΗΣ ΑΓΟΡΑΣ ΤΟ ΑΕΡΟΠΟΡΙΚΟ ΠΡΟΪΏΝ ΕΞΟΔΑ ΛΕΙΤΟΥΡΓΙΑΣ ΑΕΡΟΣΚΑΦΟΥΣ ΣΧΕΔΙΑΣΜΟΣ ΠΡΟΓΡΑΜΜΑΤΟΣ ΠΤΗΣΕΩΝ ΤΙΜΟΛΟΓΗΣΗ
700 1 _aΠριντεζης Γεωργιος Φ
_95647
942 _cBK
999 _c4654
_d4654